"Remény" - fruit quality characteristics of the first Hungarian-bred sea buckthorn variety [abstract] /

Elmentve itt :
Bibliográfiai részletek
Szerzők: Máté Mónika
Kozák Antal
Selimaj Granit
Ficzek Gitta
Testületi szerző: International conference on science, technology, engineering and economy
Dokumentumtípus: Könyv része
Megjelent: Faculty of Engineering, University of Szeged Szeged 2026
Sorozat:International Conference on Science, Technology, Engineering and Economy
Kulcsszavak:Gyümölcstermesztés - homoktövis - előadáskivonat, Növénynemesítés - homoktövis - előadáskivonat, Élelmiszerkémia - előadáskivonat
Tárgyszavak:
Online Access:http://acta.bibl.u-szeged.hu/90249
LEADER 01202naa a2200253 i 4500
001 acta90249
005 20260605113000.0
008 260605s2026 hu o 100 eng d
020 |a 978-963-688-130-6 
040 |a SZTE Egyetemi Kiadványok Repozitórium  |b hun 
041 |a eng 
100 1 |a Máté Mónika 
245 1 0 |a "Remény" - fruit quality characteristics of the first Hungarian-bred sea buckthorn variety   |h [elektronikus dokumentum] :  |b [abstract] /  |c  Máté Mónika 
260 |a Faculty of Engineering, University of Szeged  |b Szeged  |c 2026 
300 |a 86 
490 0 |a International Conference on Science, Technology, Engineering and Economy 
650 4 |a Mezőgazdaság-tudományok 
650 4 |a Mezőgazdaság, erdészet, halászat 
695 |a Gyümölcstermesztés - homoktövis - előadáskivonat, Növénynemesítés - homoktövis - előadáskivonat, Élelmiszerkémia - előadáskivonat 
700 0 1 |a Kozák Antal  |e aut 
700 0 1 |a Selimaj Granit  |e aut 
700 0 1 |a Ficzek Gitta  |e aut 
711 |a International conference on science, technology, engineering and economy  |c Szeged  |d 2026. május 29. 
856 4 0 |u http://acta.bibl.u-szeged.hu/90249/1/2026_icostee_086.pdf  |z Dokumentum-elérés